000 00353nam a22001217a 4500
999 _c13241
_d13241
020 _a9789694488035
082 _a954.91
100 _aSyed Abu Ahmad Akif & M.Khalid Nadeem Khan
245 _aBreaking the Breakers Public Policy & Governance Case Studies from Pakistan
260 _aLahore Pakistan
_bIPS Press
_c2021
300 _a251 pages
942 _cBK